Las cien mejores poesías (líricas) de la lengua inglesa / (Record no. 120350)

MARC details
000 -LEADER
campo de control de longitud fija 01026nam a2200253 i 4500
001 - NÚMERO DE CONTROL
campo de control 120350
003 - IDENTIFICADOR DE NÚMERO DE CONTROL
campo de control ES-MaACL
005 - FECHA Y HORA DE LA ÚLTIMA TRANSACCIÓN
campo de control 20251217101102.0
007 - CAMPO FIJO DE DESCRIPCIÓN FÍSICA--INFORMACIÓN GENERAL
campo de control de longitud fija t|
008 - DATOS DE LONGITUD FIJA--INFORMACIÓN GENERAL
campo de control de longitud fija 070214s1918 sp |||| | spa d
080 ## - NÚMERO DE LA CLASIFICACIÓN DECIMAL UNIVERSAL
Número de la Clasificación Decimal Universal 821.111-14(082.2)
245 04 - MENCIÓN DEL TÍTULO
Título Las cien mejores poesías (líricas) de la lengua inglesa /
Mención de responsabilidad, etc. traducidas directamente en verso por Fernando Maristany ; prólogo de Enrique Díez-Canedo.
246 3# - FORMA VARIANTE DEL TITULO
Título propio/Titulo breve 100 mejores poesías líricas de la lengua inglesa
260 ## - PUBLICACIÓN, DISTRIBUCIÓN, ETC.
Lugar de publicación, distribución, etc. Valencia :
Nombre del editor, distribuidor, etc. Cervantes,
Fecha de publicación, distribución, etc. 1918.
300 ## - DESCRIPCIÓN FÍSICA
Extensión XVI, 176 p. ;
Dimensiones 19 cm.
650 #4 - PUNTO DE ACCESO ADICIONAL DE MATERIA--TÉRMINO DE MATERIA
Término de materia o nombre geográfico como elemento de entrada Poesías inglesas.
9 (RLIN) 16229
700 1# - ENTRADA AGREGADA--NOMBRE PERSONAL
Nombre de persona Díez-Canedo, Enrique,
Fechas asociadas al nombre 1879-1944
9 (RLIN) 44685
700 1# - ENTRADA AGREGADA--NOMBRE PERSONAL
Nombre de persona Maristany, Fernando.
9 (RLIN) 76897
740 4# - ENTRADA AGREGADA--TÍTULO RELACIONADO/ANALÍTICO NO CONTROLADO
Título relacionado o analítico no controlado Las cien mejores poesías líricas de la lengua inglesa.
852 ## - LOCALIZACIÓN
Ubicación ES-MaACL
Número de control de estantería R-2901
Nota libre Dedicatoria autógrafa de Fernando Maristany
Encuadernación Olim:F-6677
Ubicación en estantería Depósito 1
856 4# - LOCALIZACIÓN Y ACCESO ELECTRÓNICOS
Identificador Uniforme de Recursos <a href="http://www.archive.org/details/lacienmejorespoe00mariuoft ">http://www.archive.org/details/lacienmejorespoe00mariuoft </a>
Texto de enlace Ir a la página
942 ## - ELEMENTOS DE ENTRADA SECUNDARIOS (KOHA)
Fuente del sistema de clasificación o colocación Clasificación decimal universal
Holdings
Estatus retirado Estado de pérdida Estado de daño No para préstamo Colección Biblioteca de origen Biblioteca actual Ubicación en estantería Fecha de adquisición Fuente de adquisición Total de préstamos Signatura topográfica completa Código de barras Visto por última vez Precio de reemplazo Tipo de ítem Koha
        Colección digital Biblioteca del Ateneo de Madrid Biblioteca del Ateneo de Madrid Depósito 17/01/2008     R-2901 1125441 23/02/2023 23/02/2023 Libro impreso